Normal view
MARC view
Entry Personal Name
001 - CONTROL NUMBER
- control field: 36679
003 - CONTROL NUMBER IDENTIFIER
- control field: ARRUPE
005 - DATE AND TIME OF LATEST TRANSACTION
- control field: 20171004092334.0
008 - FIXED-LENGTH DATA ELEMENTS
- fixed length control field: 171004|| aca||aabn | a|a d
040 ## - CATALOGING SOURCE
- Original cataloging agency: ARRUPE
- Transcribing agency: ARRUPE
100 ## - HEADING--PERSONAL NAME
- Personal name: Oderberg, David S.,
- Relator term: editor of compilation.
670 ## - SOURCE DATA FOUND
- Source citation: Work cat.: (ARRUPE)0: Classifying reality /, 2013